100 prénoms de personnes célèbres internationales - Statistiques

Statistiques générales
  • Ce quiz a été pris 4 903 fois
    4 878 depuis la dernière actualisation
  • Le résultat moyen est 53 sur 100
Statistiques - réponses
Nationalité Indice Nom Prénom % Correct
Canadien Chanteur Bieber Justin
98%
Français Disc Jockey Guetta David
95%
Italien Peintre De Vinci Léonard
95%
Américain Acteur Clooney George
94%
Argentine Footballeur Messi Lionel
93%
Américain Président Obama Barack
91%
Canadienne Chanteuse Dion Céline
87%
Américain Homme d'affaires Trump Donald
87%
Américain Basketteur Jordan Michael
87%
Franco-Polonaise Physicienne Curie Marie
86%
Romain Empereur César Jules
85%
Sud-Africain Président Mandela Nelson
84%
Russe Président Poutine Vladimir
82%
Franco-Espagnol Peintre Picasso Pablo
81%
Britannique Poète Shakespeare William
81%
Américaine Chanteuse Spears Britney
80%
Française Actrice Cotillard Marion
80%
Allemand Couturier Lagerfeld Karl
79%
Jamaïcain Athlète Bolt Usain
79%
Américaine Chanteuse Lopez Jennifer
76%
Français Poète Prévert Jacques
74%
Américain Chef d'entreprise Zuckerberg Mark
72%
Canadien Acteur Gosling Ryan
72%
Néerlandais Peintre Van Gogh Vincent
72%
Australo-Américaine Actrice Kidman Nicole
71%
Français Judoka Riner Teddy
71%
Américain Trompettiste Armstrong Louis
70%
Américain Réalisateur Eastwood Clint
69%
Britannique Acteur Pattinson Robert
69%
Suisse Joueur de tennis Federer Roger
67%
Espagnol Peintre Dali Salvador
67%
Américaine Chanteuse Aguilera Christina
66%
Belge Humouriste Damiens François
66%
Britannique/Américain Réalisateur Hitchcock Alfred
65%
Américain Rappeur West Kanye
64%
Américain Acteur Damon Matt
63%
Suédois Footballeur Ibrahimović Zlatan
63%
Américaine Actrice Streep Meryl
62%
Slovaque Mannequin Karembeu Adriana
61%
Italo-Argentin Footballeur Maradona Diego
60%
Britannique Physicien Newton Isaac
60%
Italien Marchand Polo Marco
59%
Allemande Mannequin Schiffer Claudia
58%
Suisse Philosophe Rousseau Jean-Jacques
58%
Franco-Belge Animatrice de télévision Efira Virginie
58%
Américain Catcheur Cena John
57%
Belge Acteur Poelvoorde Benoît
56%
Britannique Acteur Connery Sean
56%
Irlandais Écrivain Wilde Oscar
55%
Franco-Ivoirien Footballeur Drogba Didier
54%
Américain Poète Allan Poe Edgar
54%
Allemand Compositeur Van Beethoven Ludwig
54%
Serbe Joueur de tennis Djokovic Novak
53%
Britannique Styliste Beckham Victoria
53%
Britannique Mannequin Campbell Naomi
52%
Britannique Naturaliste Darwin Charles
51%
Sud-Africaine/Américane Actrice Theron Charlize
50%
Autrichien Psychanalyste Freud Sigmund
49%
Soviète Cosmonaute Gagarine Youri
48%
Canadien Humouriste Kavanagh Anthony
47%
Belge Actrice De France Cécile
47%
Britannique Princesse Spencer Diana
47%
Américaine Animatrice de télévision DeGeneres Ellen
46%
Mexicano-libano-américaine Actrice Hayek Salma
46%
Britannique Guitariste Clapton Éric
44%
Britannique Premier ministre Spencer-Churshill Winston
44%
Russe Joueuse de tennis Sharapova Maria
43%
Espagnol Réalisateur Almodóvar Pedro
39%
Français Chef cuisinier Robuchon Joël
38%
Polonais Astronaume Copernic Nicolas
38%
Monégasque Prince Grimaldi Albert
34%
Franco-Suisse Réalisateur Godard Jean-Luc
34%
Kényan/Britannique Cycliste Froome Christopher
33%
Irlandais Acteur Farrell Colin
33%
Allemand Philosophe Kant Emmanuel
32%
Chinois Président Mao Zedong
32%
Italien Industriel Ferrari Enzo
31%
Belge Dessinateur Geluck Philippe
31%
Américain Acteur Williams Robin
31%
Slovaque Cycliste Sagan Peter
29%
Britannico-Américaine Actrice Taylor Elizabeth
28%
Brésilien Pilote automobile Senna Da Silva Ayrton
27%
Américain Écrivain Brown Dan
27%
Algérien Footballeur Mahrez Riyad
27%
Allemand Écrivain Kafka Franz
26%
Austro-Hongrois Peintre Klimt Gustav
26%
Sénégalais Chanteur N'dour Youssou
26%
Argentin Entraîneur de football Bielsa Marcelo
22%
Ukrainien Perchiste Bubka Sergueï
18%
Colombien Cycliste Quintana Nairo
17%
Pakistanaise Prix Nobel de la Paix Yousafzai Malala
16%
Libyen Président Kadhafi Mouammar
16%
Grec Premier ministre Tsípras Aléxis
14%
Portugais Navigateur De Magellan Fernand
14%
Tchécoslovaque Joueuse de tennis Navrátilová Martina
14%
Franco-Algérien Athlète Baala Medhi
12%
Allemand Inventeur Gutenberg Johannes
10%
Japonnais Premier ministre Abe Shinzō
10%
Mexicain Homme d'affaires Slim Helú Carlos
5%
Norvégien Nageur Dale Oen Alexander
3%
Aucun quiz correspondant
Distribution des résultats
% des personnes avec chaque résultat
Percentile par nombre de réponses
Votre historique - résultats
Vous n’avez pas pris ce quiz depuis la dernière actualisation